000 00441cam a2200157ua 4500
041 _amal
_h
082 _a894.8121
_bKRI/PO
100 _aKrishna Warsier, M R .
245 _aPoems-Vol.II (M R Krishna warsierdude Krithikal) /
_cM R Krishna Warsier.
_hTextual Documents
250 _a1 /
_b.
260 _a :
_bSahitya Pravarthaka Co-operative Society ,
_c1953.
300 _a628 ; .
504 _a
942 _cBK
999 _c4000
_d4000